The public sector and educational expenditures in Latin America /

Сохранить в:
Библиографические подробности
Главный автор: Rezende, Fernando
Формат: Текст
Метки: Добавить метку
Нет меток, Требуется 1-ая метка записи!

MARC

LEADER 00000 a a2200000 04500
001 45642
003
040
100 |a Rezende, Fernando  
245 |a The public sector and educational expenditures in Latin America /  |c Fernando Rezende  
773 |g páginas 122-145 : tablas  
999 |c 18333  |d 18333